000 00753 a2200229 4500
999 _c5182
_d5182
020 _a039567656525
050 0 0 _aRJ 131 SEI 1994
100 1 _aSeifert, Kelvin.
245 1 0 _aChild and Adolescent Development /
_cKelvin L. Seifert, Robert J. Hoffnung.
250 _a3rd ed.
264 _aBoston:
_bHoughton Mifflin Company,
_c1994
300 _avarious pagination :
_bill. (some col.) ;
500 _aincludes index.
504 _aIncludes bibliographical.
650 0 _aChild development.
650 0 _aAdolescence.
650 0 _aPsychology,
_xAdolescent
650 0 _aAdolescent -- physiology.
700 1 _aHoffnung, Robert J.
942 _2lcc
_cBK
_h132
_iSEI
_kRJ